000 00943nam a22002417a 4500
005 20110902120342.0
008 100309t xxu||||| |||| 00| 0 eng d
010 _aG-001267
020 _a9788180180958
_c475.00
035 _aG-001267
037 _bPUB
040 _adpl
_bEnglish
082 _a310.4315
100 _aChoudhary, R.K.
_934159
245 _aAdolescent girls:
_cby R.K. Choudhary [and] Jeetendri Mallika Choudhary
_bsocial needs and psycho--social problems /
260 _aNew Delhi
_bNational Publishing House
_c2008
270 _a23, Daryanganj
_bNew Delhi
_e110002
300 _a198p.
_c22cm(Hb)
500 _aIncludes bibliogarphical references
700 _aChoudhary, Neetendri Mallika
_934160
942 _2ddc
_cEN
_mCHO
_h310.4315
999 _c35657
_d35657